Community forestry : (Record no. 19105)
[ view plain ]
| 000 -LEADER | |
|---|---|
| fixed length control field | 00634cam a2200217 a 4500 |
| 020 ## - INTERNATIONAL STANDARD BOOK NUMBER | |
| ISBN | 9780521190435 (hardback) |
| 020 ## - INTERNATIONAL STANDARD BOOK NUMBER | |
| ISBN | 0521190436 (hardback) |
| 020 ## - INTERNATIONAL STANDARD BOOK NUMBER | |
| ISBN | 9780521137584 (pbk.) |
| 020 ## - INTERNATIONAL STANDARD BOOK NUMBER | |
| ISBN | 0521137586 (pbk.) |
| 040 ## - CATALOGING SOURCE | |
| Transcribing agency | DLC |
| 082 00 - DEWEY DECIMAL CLASSIFICATION NUMBER | |
| Classification number | 333 FAO 1990 C161 Or. |
| 100 1# - MAIN ENTRY--AUTHOR NAME | |
| Personal name | Bullock, Ryan C. L |
| 245 10 - TITLE STATEMENT | |
| Title | Community forestry : |
| Remainder of title | local values, conflict and forest governance / |
| 300 ## - PHYSICAL DESCRIPTION | |
| Number of Pages | vi, 186 pages : |
| Other physical details | illustrations ; |
| Dimensions | 23 cm |
| 650 #0 - SUBJECT ADDED ENTRY--TOPICAL TERM | |
| Topical Term | Community forestry |
| 650 #0 - SUBJECT ADDED ENTRY--TOPICAL TERM | |
| Topical Term | Community forestry |
| 650 #0 - SUBJECT ADDED ENTRY--TOPICAL TERM | |
| Topical Term | Forest management |
| 650 #0 - SUBJECT ADDED ENTRY--TOPICAL TERM | |
| Topical Term | Sustainable forestry |
| 700 1# - ADDED ENTRY--PERSONAL NAME | |
| Personal name | Hanna, Kevin S. |
| 942 ## - ADDED ENTRY ELEMENTS (KOHA) | |
| Koha item type | ADB |
| 952 ## - LOCATION AND ITEM INFORMATION (KOHA) | |
| Withdrawn status [LOCAL, KOHA] | 0 |
| Source of acquisition | Permanent Location | Date acquired | Koha item type | Lost status | Shelving location | Current Location | Full call number |
|---|---|---|---|---|---|---|---|
| A32734 | Library Block C | 2020-03-11 | សៀវភៅភាសាអង់គ្លេស | C161 | Library Block C | 333 FAO 1990 C161 Or. |